Ultimate Sonic Zones Quiz (Up to Crossworlds) - Statistics

General Stats
  • This quiz has been taken 33 times
  • The average score is 159 of 495
Answer Stats
Game (and playable character if needed) Zone % Correct
Sonic Adventure 2 (Sonic) | Sonic Battle | Sonic Blast | +7 others Green Hill
100%
Sonic Adventure 2 (Knuckles, Shadow) Pumpkin Hill / Sky Rail
100%
Sonic Advance | Sonic the hedgehog 3 Angel Island
88%
Sonic Forces (Ghost town, Sunset heights...) City
88%
Sonic the hedgehog Final
88%
Sonic Drift | Sonic the hedgehog Marble
88%
Sonic Heroes Sea Gate / Seaside Hill / Ocean Palace
88%
Sonic Generations Seaside Hill
88%
Sonic & Knuckles | Sonic Generations Sky Sanctuary
88%
Sonic Generations | Sonic the hedgehog 2 Chemical plant
82%
Sonic Forces (Spaceport, Network terminal) | Sonic Mania Chemical Plant
82%
Sonic & Knuckles | Sonic Battle | Sonic Drift 2 | +2 others Death Egg
82%
Sonic Adventure 2 (Tails, Shadow) Mission Street / Radical Highway
82%
Shadow Generations | Sonic Generations 3ds | Sonic Racing Crossworlds Radical Highway
82%
Sonic Adventure 2 (Sonic) | Sonic Generations City Escape
76%
Sonic Frontiers | Sonic Racing Crossworlds Kronos Island
76%
Sonic & Knuckles | Sonic Mania Lava Reef
76%
Sonic Drift | Sonic the hedgehog | Sonic the hedgehog (8-bit) Scrap Brain
76%
Sonic Drift | Sonic the hedgehog Spring yard
76%
Sonic CD | Sonic Mania Stardust Speedway
76%
Sonic Mania Studiopolis
76%
Shadow Generations | Sonic Frontiers Chaos Island
71%
Sonic 06 | Sonic Generations Crisis City
71%
Sonic the hedgehog 2 Emerald Hill
71%
Sonic & Knuckles | Sonic Mania Flying Battery
71%
Sonic Adventure (Sonic, Tails, Big) | Sonic Drift 2 | Sonic the hedgehog 3 Ice Cap
71%
Sonic Drift | Sonic the hedgehog | Sonic the hedgehog (8-bit) Labyrinth
71%
Sonic & Knuckles | Sonic Generations 3ds | Sonic the Fighters Mushroom Hill
71%
Sonic Drift 2 | Sonic Generations 3ds | Sonic the Fighters | Sonic the hedgehog 2 Casino Night
65%
Sonic Racing Crossworlds Metal Harbor
65%
Sonic Adventure 2 (Sonic, Eggman) Metal Harbor / Weapons Bed
65%
Sonic Forces (Capital City, Null Space...) | Sonic the hedgehog 2 Metropolis
65%
Sonic CD Palmtree Panic
65%
Sonic Colors | Sonic Generations Planet Wisp
65%
Shadow Generations Rail Canyon
65%
Sonic Heroes Rail Canyon / Bullet Station
65%
Sonic Generations Rooftop Run
65%
Sonic Unleashed Spagonia / Rooftop Run
65%
Sonic the hedgehog Starlight
65%
Sonic Drift Star Light
65%
Shadow the hedgehog The Doom
65%
Sonic Colors | Sonic Generations 3ds Tropical Resort
65%
Sonic Lost World Windy Hill
65%
Sonic Unleashed Apotos / Windmill Isle
59%
Sonic the hedgehog (8-bit) Bridge
59%
Sonic the hedgehog 3 Carnival Night
59%
Sonic Heroes Grand Metropolis / Power Plant
59%
Sonic Adventure 2 (Sonic, Shadow) Green Forest / White Jungle
59%
Sonic the hedgehog 3 Marble Garden
59%
Sonic CD | Sonic Mania Metallic Madness
59%
Sonic Mania | Sonic the hedgehog 2 Oil Ocean
59%
Sonic Adventure (Tails) Sand Hill
59%
Sonic & Knuckles Sandopolis
59%
Sonic Adventure (Sonic, Tails) | Sonic Pocket Adventure | Sonic the hedgehog 2 Sky Chase
59%
Sonic Adventure (Sonic, Tails, Knuckles) | Sonic Generations Speed Highway
59%
Shadow Generations Sunset Heights
59%
Shadow the hedgehog The ARK
59%
Sonic CD Wacky Workbench
59%
Sonic Generations 3ds | Sonic Racing Crossworlds | Sonic Rush Water Palace
59%
Sonic Racing Crossworlds Apotos
53%
Sonic Unleashed Chun-nan / Dragon Road
53%
Sonic CD Collision Chaos
53%
Sonic Racing Crossworlds E-Stadium
53%
Sonic Heroes Frog Forest / Lost Jungle
53%
Sonic & Knuckles Hidden Palace
53%
Sonic the hedgehog 2 Hill Top
53%
Sonic the hedgehog (8-bit) Jungle
53%
Shadow Generations | Sonic 06 Kingdom Valley
53%
Sonic the hedgehog 3 Launch Base
53%
Sonic Drift 2 | Sonic the hedgehog 2 Mystic Cave
53%
Sonic Mania Press Garden
53%
Sonic R Radical City
53%
Sonic Racing Crossworlds Rainbow Garden
53%
Shadow Generations Space Colony ARK
53%
Sonic CD Tidal Tempest
53%
Sonic the hedgehog 2 Aquatic Ruin
47%
Sonic Racing Crossworlds Chao Park
47%
Sonic & Knuckles Doomsday
47%
Sonic Heroes Egg Fleet / Final Fortress
47%
Sonic Unleashed Eggmanland
47%
Sonic Adventure (Sonic, Big, Gamma) | Sonic Generations 3ds Emerald Coast
47%
Sonic Heroes Hang Castle / Mystic Mansion
47%
Sonic Mania Mirage Saloon
47%
Sonic Racing Crossworlds | Sonic and All Star Racing Transformed Ocean View
47%
Sonic CD Quartz Quadrant
47%
Sonic Colors Sweet Mountain
47%
Sonic the hedgehog 2 Wing Fortress
47%
Sonic Frontiers Ares Island
41%
Sonic Colors Asteroid Coaster
41%
Sonic Heroes Casino Park / Bingo Highway
41%
Sonic Racing Crossworlds Colorful Mall
41%
Sonic Lost World Desert Ruins
41%
Sonic Racing Crossworlds Eggman Expo
41%
Sonic Mania Egg Reverie
41%
Sonic Adventure 2 (Sonic, Shadow) Final Rush / Final Chase
41%
Sonic Lost World Frozen Factory
41%
Sonic Unleashed Holoska / Cool Edge
41%
Sonic Racing Crossworlds | Team Sonic Racing Market Street
41%
Sonic Unleashed Mazuri / Savannah Citadel
41%
Sonic Adventure 2 (Knuckles, Rouge) Meteor Herd / Mad Space
41%
Sonic Forces (Luminous Forest, casino Forest...) | Sonic Racing Crossworlds Mystic Jungle
41%
Sonic Racing Crossworlds Northstar Island
41%
Shadow the hedgehog Prison Island
41%
Sonic Lost World | Sonic Riders (Jet) | Team Sonic Racing Sky Road
41%
Shadow Generations (DLC) Tokyo
41%
Sonic Racing Crossworlds Urban Canyon
41%
Sonic 06 Wave Ocean
41%
Sonic Racing Crossworlds White Space
41%
Sonic Adventure (Sonic, Tails, Gamma) Windy Valley
41%
Sonic Racing Crossworlds Wonder Museum
41%
Sonic Colors Aquarium Park
35%
Sonic Adventure 2 (Knuckles) Aquatic Mine
35%
Sonic Adventure 2 (Everyone) Cannon's Core
35%
Sonic Adventure (Sonic, Tails, Knuckles) Casinopolis
35%
Sonic Adventure 2 (Sonic) Crazy Gadget
35%
Sonic Racing Crossworlds Crystal Mine
35%
Sonic 4 ep II Death Egg mk.II
35%
Shadow the hedgehog Digital Circuit
35%
Sonic and the secret rings Dinosaur Jungle
35%
Sonic Racing Crossworlds Donpa Factory
35%
Sonic 06 Dusty Desert
35%
Sonic Unleashed (PS3 / Xbox 360 exclusive) Empire City/ Skyscraper Scamper
35%
Sonic 06 Flame Core
35%
Sonic Lost World (console exclusive) Hidden World
35%
Sonic Adventure (Sonic, Knuckles) Lost World
35%
Sonic Advance Neo Green Hill
35%
Sonic Frontiers Ouranos Island
35%
Sonic Adventure 2 (Tails, Eggman, Rouge) Prison Lane / Iron Gate / Security Hall
35%
Sonic Racing Crossworlds Pumpkin Mansion
35%
Sonic Adventure 2 (Sonic, Knuckles, Rouge) Pyramid Cave / Death Chamber / Egg Quarters
35%
Sonic Adventure (Sonic, Knuckles, Gamma) Red Mountain
35%
Sonic Frontiers Rhea Island
35%
Sonic Racing Crossworlds | Team Sonic Racing Sand Road
35%
Sonic the hedgehog (8-bit) Sky Base
35%
Sonic 4 ep I Splash Hill
35%
Sonic Colors Starlight Carnival
35%
Sonic Colors Terminal Velocity
35%
Sonic Mania Titanic Monarch
35%
Sonic Adventure (Sonic, Amy, Big) Twinkle Park
35%
Sonic Unleashed Adabat / Jungle Joyride
29%
Sonic Riders (Sonic) Babylon Garden
29%
Shadow the hedgehog Black Comet
29%
Sonic Superstars Bridge Island
29%
Sonic Racing Crossworlds Coral Town
29%
Sonic Adventure 2 (Eggman) Cosmic Wall
29%
Sonic 3D Blast Diamond Dust
29%
Sonic Adventure 2 (Rouge) Dry Lagoon
29%
Sonic 3D Blast Green Grove
29%
Sonic Rush Huge Crisis
29%
Shadow the hedgehog Lost Impact
29%
Sonic Adventure 2 (Tails, Rouge) Route 101 / Route 280
29%
Sonic Superstars Sand Sanctuary
29%
Sonic Advance The Moon
29%
Shadow the hedgehog Westopolis
29%
Sonic 06 White Acropolis
29%
Sonic Adventure 2 (Knuckles) Wild Canyon
29%
Sonic Advance X
29%
Sonic Racing Crossworlds Aqua Forest
24%
Sonic 06 Aquatic Base
24%
Sonic the hedgehog 3 (competition) Azure Lake
24%
Sonic the hedgehog 3 (competition) Balloon Park
24%
Sonic Racing Crossworlds Blizzard Valley
24%
Sonic Blast Blue Marine
24%
Sonic 4 ep I Casino Street
24%
Shadow the hedgehog Central City
24%
Sonic the hedgehog 3 (competition) Chrome Gadget
24%
Shadow the hedgehog Cosmic Fall
24%
Shadow the hedgehog Cryptic Castle
24%
Sonic Rush Dead Line
24%
Sonic the Fighters Death Egg's Eye
24%
Sonic the hedgehog 3 (competition) Endless Mine
24%
Sonic Adventure 2 (Tails, Eggman) Eternal Engine / Lost Colony
24%
Sonic Adventure (Sonic, Amy, Gamma) Final Egg
24%
Shadow the hedgehog Final Haunt
24%
Sonic Superstars Frozen Base
24%
Sonic and All Star Racing Transformed Galactic Parade
24%
Sonic Colors Game Land
24%
Shadow the hedgehog Glyphic Canyon
24%
Sonic Superstars Golden Capital
24%
Sonic Racing Crossworlds (Crossworlds) Golden Temple
24%
Sonic the hedgehog 2 (8-bit) Green Hills
24%
Sonic Adventure 2 (Tails, Eggman) Hidden Base / Sand Ocean
24%
Sonic Adventure (Amy, Big, Gamma) Hot Shelter
24%
Sonic Superstars Lagoon City
24%
Sonic Lost World Lava Mountain
24%
Shadow the hedgehog Lava Shelter
24%
Sonic Rush Leaf Storm
24%
Sonic 4 ep I Lost Labyrinth
24%
Sonic 4 ep I Mad Gear
24%
Shadow the hedgehog Mad Matrix
24%
Sonic Racing Crossworlds (Crossworld) Magma Planet
24%
Sonic Chaos Mecha Green Hill
24%
Sonic Riders (Sonic) Metal city
24%
Sonic Free Riders Metal City
24%
Sonic Advance 2 Music Plant
24%
Sonic Rush Night Carnival
24%
Sonic Advance 3 Ocean Base
24%
Sonic 4 ep II Oil Desert
24%
Sonic 3D Blast Panic Puppet
24%
Sonic Superstars Pinball Carnival
24%
Sonic Superstars Press Factory
24%
Sonic R Radiant Emerald
24%
Sonic 06 Radical Train
24%
Sonic R Reactive Factory
24%
Sonic Blast Red Volcano
24%
Sonic R Regal Ruin
24%
Sonic R Resort Island
24%
Sonic Unleashed Shamar / Arid Sands
24%
Sonic Lost World Silent Forest
24%
Sonic Adventure (Sonic, Tails, Knuckles) Sky Deck
24%
Sonic Superstars Sky Temple
24%
Shadow the hedgehog Sky Troops
24%
Shadow the hedgehog Space Gadget
24%
Sonic Superstars Speed Jungle
24%
Sonic 4 ep II Sylvania Castle
24%
Shadow the hedgehog The Last Way
24%
Sonic Lost World (DLC, Wii U exclusive) The Legend of Zelda
24%
Sonic Chaos Turquoise Hill
24%
Sonic the hedgehog 2 (8-bit) Under ground
24%
Sonic Rush Unknown
24%
Sonic 4 ep II White Park
24%
Sonic Advance 2 XX
24%
Sonic Blast Yellow Desert
24%
Sonic Lost World (DLC, Wii U exclusive) Yoshi's Island
24%
Shadow the hedgehog Air Fleet
18%
Sonic the Fighters Aurora Icefield
18%
Sonic Battle Battle Highway
18%
Sonic Rush Adventures Blizzard Peaks
18%
Shadow the hedgehog Circus Park
18%
Sonic Rush Adventures Coral Cave
18%
Sonic the hedgehog 2 (8-bit) Crystal egg
18%
Shadow the hedgehog Death Ruins
18%
Sonic the hedgehog 3 (competition) Desert Palace
18%
Sonic Riders Digital Dimension
18%
Sonic Riders (Knuckles) Egg Factory
18%
Sonic Advance Egg Rocket
18%
Sonic 4 ep I Egg Station
18%
Sonic Battle Emerald Beach
18%
Sonic Rush Exception
18%
Sonic 3D Blast Final Fight
18%
Sonic the Fighters Flying Carpet
18%
Sonic 3D Blast Gene Gadget
18%
Shadow the hedgehog GUN Fortress
18%
Sonic Mania | Sonic the hedgehog 3 Hidro City
18%
Sonic Advance 2 Hot Crater
18%
Shadow the hedgehog Iron Jungle
18%
Knuckles chaotix Isolated Island
18%
Sonic Advance 2 Leaf Forest
18%
Shadow the hedgehog Lethal Highway
18%
Sonic Rush Adventures Machine Labyrinth
18%
Sonic Rush Mirage Road
18%
Sonic Lost World (DLC, console exclusive) Nightmare
18%
Sonic Rush Adventures Plant Kingdom
18%
Sonic Triple Trouble Robotnik Winter
18%
Sonic Advance 3 Route 99
18%
Sonic 3D Blast Rusty Ruin
18%
Sonic the hedgehog 2 (8-bit) Scrambled egg
18%
Sonic Advance Secret Base
18%
Sonic Blast Silver Castle
18%
Sonic 4 ep II Sky Fortress
18%
Sonic Chaos Sleeping Egg
18%
Sonic the Fighters South Island
18%
Sonic 3D Blast Spring Stadium
18%
Sonic Racing Crossworlds (Crossworlds) SteamPunk City
18%
Sonic Triple Trouble Sunset Park
18%
Sonic Advance 3 Toy Kingdom
18%
Sonic Lost World Tropical Coast
18%
Sonic 06 Tropical Jungle
18%
Sonic Riders (Jet) White Cave
18%
Team Sonic Racing Wisp Circuit
18%
Sonic Pocket Adventure Aerobase
12%
Sonic Rush Altitud Limit
12%
Sonic Chaos Aqua Planet
12%
Sonic Pocket Adventure Aquatic Relix
12%
Sonic Drift 2 Balloon Panic
12%
Team Sonic Racing Boo's House
12%
Sonic Advance Casino Paradise
12%
Sonic Battle Colosseum
12%
Sonic Pocket Adventure Cosmic Casino
12%
Sonic Superstars Cyber Station
12%
Sonic Advance 3 Cyber Track
12%
Team Sonic Racing Doctor's Mine
12%
Sonic and Sega All Star Racing (DLC) Egg Hangar
12%
SegaSonic the hedgehog Eggman's Tower
12%
Sonic Chaos Electric Egg
12%
Sonic Drift 2 Emerald Hill 1
12%
Sonic Drift 2 Emerald Hill 2
12%
Sonic Drift 2 Emerald Ocean
12%
Team Sonic Racing Frozen Junkyard
12%
Sonic the Fighters Giant Wing
12%
Sonic Chaos Gigalopolis
12%
Sonic Riders Zero Gravity (Knuckles) Gigan Rocks
12%
Sonic the hedgehog 2 (8-bit) Gimmick Mountain
12%
Sonic Riders (Tails) Green Cave
12%
Sonic Rush Adventures Haunted Ship
12%
Sonic Rush Adventures (Found across the map) Hidden Islands
12%
Team Sonic Racing Hidden Volcano
12%
Sonic Drift 2 Hill Top 1
12%
Sonic Drift 2 Hill Top 2
12%
Sonic Advance | Team Sonic Racing Ice Mountain
12%
Sonic Advance 2 Ice Paradise
12%
Sonic Superstars Last Story
12%
Sonic Pocket Adventure Last Utopia
12%
Sonic Battle Library
12%
Sonic Riders Zero Gravity (Sonic) Megalo Station
12%
Sonic Drift 2 Milky Way
12%
Sonic and the Black Knight Misty Lake
12%
Sonic Riders Zero Gravity (Sonic) Mobius Strip
12%
Team Sonic Racing Mother's Canyon
12%
Sonic Pocket Adventure Neo South Island
12%
Sonic Riders (Jet) Night Chase
12%
Sonic Advance 3 Nonaggression
12%
Sonic and Sega All Star Racing Pinball Highway
12%
Sonic Rush Adventures Pirates' Island
12%
Sonic and the secret rings Pirate Storm
12%
Sonic Drift 2 Quake Cave
12%
Sonic Drift 2 Rainy Savanna
12%
Sonic and Sega All Star Racing Roulette Road
12%
Sonic and All Star Racing Transformed Sanctuary Falls
12%
Sonic Riders (Sonic) Sand Ruins
12%
Sonic Riders Sega Carnival
12%
Sonic Riders Sega Illusion
12%
Sonic Rush Adventures Sky Babylon
12%
Sonic Advance 2 Sky Canyon
12%
Sonic the hedgehog 2 (8-bit) Sky high
12%
Knuckles chaotix Speed Slider
12%
Sonic Riders (Tails) Splash Canyon
12%
Sonic Advance 3 Sunset Hill
12%
Sonic Battle Tails' Lab
12%
Sonic Advance 2 Techno Base
12%
Sonic and the Black Knight Titanic Plain
12%
Sonic Advance 3 Twinkle Snow
12%
SegaSonic the hedgehog Volcanic Vault
12%
Sonic 3D Blast Volcano Valley
12%
Sonic and Sega All Star Racing Whale Lagoon
12%
SegaSonic the hedgehog Wild Water Way
12%
Knuckles chaotix World Entrance
12%
Sonic Riders Zero Gravity '80s Boulevard
6%
Sonic Riders Zero Gravity '90s Boulevard
6%
Sonic Advance 3 Altar Emerald
6%
Knuckles chaotix Amazing Arena
6%
Sonic Battle Amy's Room
6%
Sonic the hedgehog 2 (8-bit) Aqua Lake
6%
Sonic Riders Zero Gravity (Tails) Aquatic Capital
6%
Sonic Riders Zero Gravity Astral Babylon
6%
Sonic Triple Trouble Atomic Destroyer
6%
Sonic Rush Adventures Big Swell
6%
Sonic and Sega All Star Racing Bingo Party
6%
Sonic Riders Zero Gravity (Tails) Botanical Kingdom
6%
Knuckles chaotix Botanic Base
6%
Sonic and the Black Knight Camelot Castle
6%
Sonic the Fighters Canyon Cruise
6%
Sonic Battle Chao Ruins
6%
Sonic Advance 3 Chaos Angel
6%
Sonic Pocket Adventure Chaotic Space
6%
Team Sonic Racing Clockwork Pyramid
6%
Sonic Battle Club Rouge
6%
Sonic Advance Cosmic Angel
6%
Sonic Riders Zero Gravity (Sonic) Crimson Crater
6%
Sonic Drift 2 Dark Valley 2
6%
Sonic the Fighters Death Egg's Hangar
6%
SegaSonic the hedgehog Desert Dodge
6%
Sonic Drift 2 Desert Road 1
6%
Sonic Drift 2 Desert Road 2
6%
Sonic Free Riders Dolphin Resort
6%
Sonic and the Black Knight Dragon's Lair
6%
Sonic the Fighters Dynamite Plant
6%
Sonic Superstars Egg Fortress
6%
Sonic Forces (Imperial Tower, Mortar Canyon...) Eggman empire fortress
6%
Sonic Advance 2 Egg Utopia
6%
Sonic Riders Zero Gravity (Jet) Gigan Device
6%
Sonic Pocket Adventure Gigantic Angel
6%
Sonic Triple Trouble Great Turquoise
6%
Sonic Battle Holy Summit
6%
Sonic Riders (Storm) Ice Factory
6%
SegaSonic the hedgehog Icy Isle
6%
Sonic Drift 2 Iron Ruin
6%
SegaSonic the hedgehog Landslide Limbo
6%
Sonic and Sega All Star Racing Lost Palace
6%
Sonic and the secret rings Lost Prologue
6%
Knuckles chaotix Marina Madness
6%
Sonic Triple Trouble Meta Junglira
6%
Sonic Battle Metal Depot
6%
Sonic Riders Zero Gravity (Knuckles) MeteorTech Premises
6%
Sonic Riders Zero Gravity (Amy) MeteorTech Sparkworks
6%
Sonic Free Riders Metropolis Speedway
6%
Sonic Rivals 2 Mystic Haunt
6%
Sonic and the secret rings Night Palace
6%
Sonic Riders Zero Gravity (Storm) Nightside Rush
6%
Sonic and Sega All Star Racing Ocean Ruin
6%
Sonic Riders (Wave) Red Canyon
6%
Sonic Pocket Adventure Secret Plant
6%
Sonic Riders Zero Gravity (Jet) Security Corridor
6%
Sonic Riders Zero Gravity (Wave) Snowy Kingdom
6%
Knuckles chaotix Techno Tower
6%
Sonic Riders Zero Gravity (Storm) Tempest Waterway
6%
Sonic and the Black Knight The Cauldron
6%
Sonic and Sega All Star Racing Thunder Deck
6%
Sonic Triple Trouble Tidal Plant
6%
SegaSonic the hedgehog Trap tower
6%
Sonic Advance 2 True Arena 53
6%
Sonic and Sega All Star Racing Turbine Loop
6%
Sonic Riders (Sonic) Babylon Guardian
0%
Sonic Rivals 2 Blue Coast
0%
Sonic Rivals 2 Chaotic Inferno
0%
Sonic Rivals Colosseum Highway
0%
Sonic and the Black Knight Crystal Cave
0%
Sonic Rivals Crystal Mountain
0%
Sonic and Sega All Star Racing Dark Arsenal
0%
Sonic and the Black Knight Dark Hollow
0%
Sonic Drift 2 Dark Valley 1
0%
Sonic Rivals Death Yard
0%
Sonic Rush Adventures Deep Core
0%
Sonic and the Black Knight Deep Woods
0%
Sonic and the secret rings Evil Foundry
0%
Sonic and the Black Knight Faraway Avalon
0%
Sonic Free Riders Final Factory
0%
Sonic Rivals Forest Falls
0%
Sonic Free Riders Forgotten Tomb
0%
Sonic Rivals 2 Frontier Canyon
0%
Sonic Free Riders Frozen Forest
0%
Sonic and the Black Knight Great Megalith
0%
Team Sonic Racing Haunted Castle
0%
Sonic and the Black Knight Knight's Passage
0%
Sonic and the secret rings Levitated Ruin
0%
Sonic Free Riders Magma Rift
0%
Sonic Rivals Meteor Base
0%
Sonic and the Black Knight Molten Mine
0%
Sonic Rivals 2 Neon Palace
0%
Sonic Free Riders Rocky Ridge
0%
Sonic and the secret rings Sand Oasis
0%
Sonic and the Black Knight Shrounded Forest
0%
Sonic and the secret rings Skeleton Dome
0%
Sonic Rivals Sky Park
0%
Sonic Rivals 2 Sunset Forest
0%
No matching quizzes found
Score Distribution
Percent of People with Each Score
Percentile by Number Answered
Your Score History
You have not taken this quiz